000
00302nam a22001337a 4500
008
180314b xxu||||| |||| 00| 0 eng d
020
_a
9780072966558
041
_a
eng
080
_2
5th
_a
78
100
_a
45
101
_a
MUZ
245
_a
Music an apprecation
_c
Kamien,R
942
_2
udc
_c
BK
999
_c
45040
_d
45040